[Event "BL 1213 SV Wattenscheid - SC Forchheim"]
[Site "?"]
[Date "2012.10.21"]
[Round "2.7"]
[White "Doeres, Hans-Juergen"]
[Black "Holzke, Frank Dr"]
[Result "0-1"]
[WhiteElo "2226"]
[BlackElo "2521"]
[PlyCount "100"]
[EventDate "2012.??.??"]

1. g3 d5 2. Bg2 e5 3. c4 d4 4. d3 Nf6 5. Nf3 Nc6 6. O-O Be7 7. h3 O-O 8. e3
dxe3 9. Bxe3 Be6 10. Nc3 h6 11. b3 Qc8 12. Kh2 Rd8 13. Qe2 Nd4 14. Bxd4 exd4
15. Ne4 c6 16. Nxf6+ Bxf6 17. b4 a5 18. a3 axb4 19. axb4 Rxa1 20. Rxa1 Bxc4 21.
dxc4 d3 22. Qd1 Bxa1 23. Qxa1 d2 24. Qd1 Qf5 25. Kg1 Qe4 26. b5 Qxc4 27. Nxd2
Qa2 28. bxc6 bxc6 29. Bxc6 Qxd2 30. Qxd2 Rxd2 31. h4 g5 32. hxg5 hxg5 33. Bf3
Kg7 34. Kg2 Kf6 35. Bb7 Kf5 36. Bc8+ Ke4 37. Bb7+ Kd4 38. Kf3 Rb2 39. Bc8 f6
40. Bd7 Kd3 41. Be6 Rb4 42. Bd7 Kd2 43. g4 Ke1 44. Kg3 Rb2 45. f3 Kf1 46. Bc6
Rg2+ 47. Kh3 Kf2 48. Bb7 Rg3+ 49. Kh2 Rxf3 50. Bxf3 Kxf3 0-1

[Event "BL 1213 SV Wattenscheid - SC Forchheim"]
[Site "?"]
[Date "2012.10.21"]
[Round "2.8"]
[White "Dinstuhl, Volkmar Dr"]
[Black "Huemmer, Bernd"]
[Result "1-0"]
[WhiteElo "2409"]
[BlackElo "2211"]
[PlyCount "147"]
[EventDate "2012.??.??"]

1. d4 Nf6 2. c4 e6 3. Nf3 b6 4. g3 Ba6 5. b3 Bb4+ 6. Bd2 Be7 7. Bg2 d5 8. cxd5
exd5 9. Nc3 O-O 10. O-O c5 11. Re1 Nc6 12. dxc5 d4 13. Na4 bxc5 14. Qc2 c4 15.
bxc4 Qd7 16. a3 Rac8 17. Nb2 h6 18. Qa4 Bb7 19. Nd3 Rfe8 20. Rab1 Ba8 21. Nf4
g5 22. Nd5 Nxd5 23. cxd5 Qxd5 24. Nxg5 Qc5 25. Ne4 Qh5 26. Rb5 Qg6 27. h4 Bf8
28. h5 Qe6 29. Bf4 Rcd8 30. Rd1 Bg7 31. Bf3 d3 32. Rxd3 Rxd3 33. Nc5 Qa2 34.
Nxd3 Nd4 35. Rc5 Nxf3+ 36. exf3 Qe2 37. Ne5 Rxe5 38. Rxe5 Qxf3 39. Re8+ Bf8 40.
Rxa8 Qxa8 41. Be3 Qd5 42. Bxa7 Qxh5 43. Be3 Qe5 44. Qg4+ Kh7 45. a4 Bc5 46. Qf4
Qa1+ 47. Kg2 Bxe3 48. Qxf7+ Kh8 49. Qf8+ Kh7 50. Qe7+ Kg6 51. Qe4+ Kg7 52. fxe3
Qe1 53. Qe5+ Kg6 54. Qd6+ Kg5 55. Qd5+ Kg6 56. Qd3+ Kg5 57. e4 h5 58. a5 Qa1
59. Qb5+ Kg6 60. Qe8+ Kg5 61. Qg8+ Kh6 62. Qe6+ Kg5 63. e5 h4 64. Qf6+ Kh5 65.
Qxh4+ Kg6 66. Qf6+ Kh5 67. a6 Qa2+ 68. Kh3 Qb3 69. Qh8+ Kg5 70. Qd8+ Kh5 71.
Qe8+ Kg5 72. a7 Qf3 73. Qg8+ Kh6 74. Qh8+ 1-0

[Event "BL 1213 Werder Bremen - Wiesbadener SV"]
[Site "?"]
[Date "2012.10.21"]
[Round "2.1"]
[White "Alekseev, Evgeny"]
[Black "Efimenko, Zahar"]
[Result "1-0"]
[WhiteElo "2683"]
[BlackElo "2689"]
[PlyCount "121"]
[EventDate "2012.??.??"]

1. e4 e5 2. Nf3 Nc6 3. Bb5 a6 4. Ba4 Nf6 5. d3 d6 6. c3 g6 7. O-O Bg7 8. h3 Bd7
9. Re1 O-O 10. Nbd2 Qe8 11. Nf1 Nh5 12. Bb3 Kh8 13. d4 f5 14. exf5 gxf5 15.
dxe5 dxe5 16. Be3 e4 17. Ng5 h6 18. Nf7+ Rxf7 19. Qxh5 Rf6 20. Qxe8+ Rxe8 21.
Bf4 Ne5 22. Bxe5 Rxe5 23. Rad1 Bb5 24. Ng3 Rd6 25. Rxd6 cxd6 26. Nh5 Bf8 27.
Nf4 Kh7 28. g3 Bc6 29. h4 Be7 30. Kf1 Bb5+ 31. Kg2 Bc6 32. Kf1 Bb5+ 33. Kg1 Bd8
34. Bd5 Bb6 35. Kg2 Bc6 36. Rd1 e3 37. fxe3 Bxe3 38. Bxc6 bxc6 39. Kf3 d5 40.
Nd3 Re4 41. Nb4 d4 42. Nxc6 dxc3 43. bxc3 Bc5 44. Rd7+ Kg6 45. Nd4 Re5 46. Rc7
Rd5 47. Rc6+ Kh7 48. Ke3 a5 49. a4 h5 50. Kd3 Re5 51. Ra6 Bf8 52. Rf6 Bh6 53.
Rxf5 Re3+ 54. Kc2 Rxg3 55. Rxh5 Rh3 56. Nf5 Kg6 57. Rxh6+ Kxf5 58. Kb3 Ke5 59.
Kc4 Rf3 60. h5 Ke4 61. Re6+ 1-0

[Event "BL 1213 Werder Bremen - Wiesbadener SV"]
[Site "?"]
[Date "2012.10.21"]
[Round "2.2"]
[White "Areshchenko, Alexander"]
[Black "Khenkin, Igor"]
[Result "1/2-1/2"]
[WhiteElo "2710"]
[BlackElo "2655"]
[PlyCount "59"]
[EventDate "2012.??.??"]

1. e4 c6 2. d4 d5 3. Nc3 dxe4 4. Nxe4 Bf5 5. Ng3 Bg6 6. Nh3 Nf6 7. Bc4 e6 8.
O-O Nbd7 9. f4 Nb6 10. Bb3 a6 11. f5 exf5 12. c3 Qd7 13. Bg5 Be7 14. Bc2 Ne4
15. Bxe7 Kxe7 16. Qe1 Kd8 17. Nf4 Re8 18. h4 Nf6 19. Qb1 Nc4 20. Bxf5 Bxf5 21.
Qxf5 Ne3 22. Qxd7+ Kxd7 23. Rf3 Re7 24. Nfh5 Nxh5 25. Nxh5 f6 26. Nxg7 Rg8 27.
Nh5 Rxg2+ 28. Kh1 Rxb2 29. Nxf6+ Kd6 30. Re1 1/2-1/2

[Event "BL 1213 Werder Bremen - Wiesbadener SV"]
[Site "?"]
[Date "2012.10.21"]
[Round "2.3"]
[White "Kurnosov, Igor"]
[Black "Nyback, Tomi"]
[Result "1-0"]
[WhiteElo "2660"]
[BlackElo "2598"]
[PlyCount "95"]
[EventDate "2012.??.??"]

1. e4 e5 2. Nf3 Nc6 3. Bb5 a6 4. Ba4 Nf6 5. O-O Be7 6. Re1 b5 7. Bb3 d6 8. c3
O-O 9. h3 Bb7 10. d4 Re8 11. Ng5 Rf8 12. Nf3 Re8 13. Nbd2 Bf8 14. a3 h6 15. d5
Nb8 16. Nh2 Nbd7 17. Qf3 Be7 18. Ndf1 Nh7 19. Qe2 Bg5 20. Bxg5 Nxg5 21. Ng3 c5
22. dxc6 Bxc6 23. Rad1 Nf6 24. Ng4 Rc8 25. Nxf6+ Qxf6 26. h4 Ne6 27. Rxd6 Nf4
28. Rxf6 Nxe2+ 29. Rxe2 gxf6 30. Nf5 Rc7 31. Nxh6+ Kf8 32. f3 Rd8 33. h5 Bb7
34. Ng4 Rd6 35. Ne3 Bc8 36. g4 Kg7 37. Kf2 Be6 38. Bd5 Kh6 39. Kg3 Kg7 40. Kh4
Rd8 41. Rg2 Bc8 42. g5 fxg5+ 43. Rxg5+ Kf6 44. Ng4+ Bxg4 45. fxg4 Re7 46. h6
Rh8 47. Kh5 Rh7 48. Rf5# 1-0

[Event "BL 1213 Werder Bremen - Wiesbadener SV"]
[Site "?"]
[Date "2012.10.21"]
[Round "2.4"]
[White "Hracek, Zbynek"]
[Black "Mista, Aleksander"]
[Result "1-0"]
[WhiteElo "2612"]
[BlackElo "2543"]
[PlyCount "117"]
[EventDate "2012.??.??"]

1. e4 c5 2. Nf3 Nc6 3. Bb5 d6 4. O-O Bd7 5. Re1 a6 6. Bxc6 Bxc6 7. d4 cxd4 8.
Nxd4 Rc8 9. c4 Nf6 10. Nc3 g6 11. a4 Bg7 12. b3 O-O 13. Bb2 Nd7 14. Rb1 Nc5 15.
Nxc6 Rxc6 16. Qc2 e6 17. Ne2 Bxb2 18. Rxb2 Qf6 19. Rbb1 Nd7 20. Qd2 Rd8 21. Nd4
Rcc8 22. Qe3 Ne5 23. Rbd1 Nc6 24. h3 Qe5 25. Nf3 Qc5 26. Qh6 f6 27. Re3 Rc7 28.
Red3 Rcd7 29. Nd4 Nxd4 30. Rxd4 Qg5 31. Qxg5 fxg5 32. f3 e5 33. Rd5 Kf7 34. Kf2
Ke6 35. Ke3 Rc8 36. a5 Rc6 37. R1d3 Ke7 38. Kd2 Rdc7 39. Kc3 Ke6 40. Kd2 Ke7
41. Kc3 Ke6 42. Kc2 Ke7 43. Rc3 Ke6 44. Kd3 Rf7 45. b4 Rd7 46. Kc2 Rcc7 47. Kb3
Rc6 48. Rcd3 Rdc7 49. b5 Rd7 50. bxc6 bxc6 51. Rb5 cxb5 52. cxb5 axb5 53. Kb4
Ra7 54. Kxb5 Kd7 55. a6 Ra8 56. Ra3 Rb8+ 57. Kc4 Rc8+ 58. Kd3 Ra8 59. a7 1-0

[Event "BL 1213 Werder Bremen - Wiesbadener SV"]
[Site "?"]
[Date "2012.10.21"]
[Round "2.6"]
[White "Fish, Gennadij"]
[Black "Bulski, Krzysztof"]
[Result "1/2-1/2"]
[WhiteElo "2475"]
[BlackElo "2547"]
[PlyCount "69"]
[EventDate "2012.??.??"]

1. d4 d5 2. c4 c6 3. Nf3 Nf6 4. Qc2 dxc4 5. Qxc4 Bf5 6. g3 Nbd7 7. Bg2 e6 8.
O-O Be7 9. Nc3 O-O 10. e3 Ne4 11. Qe2 Bg6 12. Nd2 Nxd2 13. Bxd2 e5 14. d5 Nb6
15. e4 cxd5 16. exd5 Bd6 17. f4 exf4 18. Bxf4 Re8 19. Qf2 Nc4 20. Bxd6 Nxd6 21.
Rfe1 b6 22. Rxe8+ Qxe8 23. a4 Qd7 24. Nb5 Nxb5 25. axb5 Qxb5 26. d6 Rd8 27.
Rxa7 h6 28. Qd4 Kf8 29. Ra8 Rxa8 30. Bxa8 Bf5 31. b4 Bh3 32. Bg2 Bxg2 33. Kxg2
Qe2+ 34. Kg1 Qe1+ 35. Kg2 1/2-1/2

[Event "BL 1213 Werder Bremen - Wiesbadener SV"]
[Site "?"]
[Date "2012.10.21"]
[Round "2.7"]
[White "Poetsch, Hagen"]
[Black "Bluebaum, Matthias"]
[Result "1/2-1/2"]
[WhiteElo "2466"]
[BlackElo "2433"]
[PlyCount "76"]
[EventDate "2012.??.??"]

1. e4 e6 2. d4 d5 3. Nc3 Nf6 4. e5 Nfd7 5. f4 c5 6. Nf3 Nc6 7. Be3 Be7 8. Qd2
O-O 9. dxc5 Bxc5 10. O-O-O Qa5 11. a3 a6 12. Bxc5 Qxc5 13. Bd3 Re8 14. Ne2 b5
15. Ned4 Rb8 16. c3 Nf8 17. b4 Nxd4 18. Nxd4 Qc7 19. Kb2 Bd7 20. h4 Rec8 21. h5
a5 22. Nb3 axb4 23. axb4 Be8 24. Nc5 Qb6 25. f5 exf5 26. Bxf5 Rxc5 27. bxc5
Qxc5 28. Qd4 Qe7 29. Kb3 b4 30. cxb4 Bb5 31. Rb1 Bc4+ 32. Kc2 Rxb4 33. Rxb4
Qxb4 34. Rh4 Qe1 35. h6 Qe2+ 36. Kc3 Qe1+ 37. Kc2 Qe2+ 38. Kc3 Qe1+ 1/2-1/2

[Event "BL 1213 Werder Bremen - Wiesbadener SV"]
[Site "?"]
[Date "2012.10.21"]
[Round "2.8"]
[White "Buchal, Stephan"]
[Black "Carlstedt, Jonathan"]
[Result "0-1"]
[WhiteElo "2300"]
[BlackElo "2383"]
[PlyCount "120"]
[EventDate "2012.??.??"]

1. g3 g6 2. Bg2 Bg7 3. e4 d6 4. Nc3 Nc6 5. d3 Nf6 6. f4 e5 7. Nf3 Be6 8. O-O
Qd7 9. Nh4 exf4 10. Bxf4 h6 11. Nf3 g5 12. Bd2 O-O-O 13. Rb1 Ng4 14. Nd5 f5 15.
b4 fxe4 16. dxe4 Nd4 17. c3 Nxf3+ 18. Qxf3 Ne5 19. Qe2 Kb8 20. b5 Bg4 21. Qe3
Rhf8 22. a4 Rde8 23. Nb4 Ka8 24. Nd5 Be6 25. Rxf8 Rxf8 26. Rf1 Rxf1+ 27. Bxf1
Qf7 28. Be2 c6 29. bxc6 bxc6 30. Nb4 Bc4 31. Kg2 Bxe2 32. Qxe2 Qc4 33. Qxc4
Nxc4 34. Be1 Kb7 35. g4 Nb2 36. a5 a6 37. Bg3 Nc4 38. Na2 Kc7 39. h4 Nxa5 40.
Kf3 Nc4 41. hxg5 hxg5 42. Ke2 Kb6 43. Kd3 Kb5 44. Nb4 Be5 45. Bf2 Nb2+ 46. Kc2
Na4 47. Nd3 Bf6 48. Bd4 Bxd4 49. cxd4 c5 50. e5 c4 51. Nf2 dxe5 52. dxe5 Nc5
53. Nd1 Ne4 54. Ne3 Kc5 55. e6 Kd6 56. Nxc4+ Kxe6 57. Kb3 Nf6 58. Nd2 Ke5 59.
Kc4 Kf4 60. Kc5 Ne4+ 0-1

[Event "BL 1213 Turm Emsdetten - SV Griesheim"]
[Site "?"]
[Date "2012.10.21"]
[Round "2.1"]
[White "Piorun, Kacper"]
[Black "Mchedlishvili, Mikheil"]
[Result "0-1"]
[WhiteElo "2520"]
[BlackElo "2651"]
[PlyCount "54"]
[EventDate "2012.??.??"]

1. Nf3 d5 2. c4 c6 3. e3 Nf6 4. Nc3 a6 5. d4 Bf5 6. cxd5 cxd5 7. Qb3 b5 8. Ne5
e6 9. Bd2 Nbd7 10. Nxd7 Nxd7 11. a4 b4 12. Na2 a5 13. Bd3 Bxd3 14. Qxd3 Bd6 15.
O-O O-O 16. Rfc1 e5 17. Rc6 Nf6 18. Rac1 Re8 19. Qf5 Ne4 20. Be1 g6 21. Qf3 Qd7
22. dxe5 Bxe5 23. b3 Bc3 24. Rb6 d4 25. exd4 Ng5 26. Qg3 Bxe1 27. Qxg5 Bxf2+
0-1

[Event "BL 1213 Turm Emsdetten - SV Griesheim"]
[Site "?"]
[Date "2012.10.21"]
[Round "2.2"]
[White "Swiercz, Dariusz"]
[Black "Farago, Ivan"]
[Result "1-0"]
[WhiteElo "2609"]
[BlackElo "2488"]
[PlyCount "77"]
[EventDate "2012.??.??"]

1. e4 c5 2. Nf3 e6 3. d4 cxd4 4. Nxd4 Nc6 5. Nc3 a6 6. Nxc6 bxc6 7. Bd3 d5 8.
O-O Nf6 9. Re1 Be7 10. e5 Nd7 11. Qg4 g6 12. Na4 Qa5 13. Bh6 Qb4 14. Qxb4 Bxb4
15. c3 Bf8 16. Bxf8 Rxf8 17. c4 Bb7 18. Rac1 Rc8 19. f4 Ke7 20. b4 f6 21. exf6+
Rxf6 22. g3 Kd6 23. c5+ Kc7 24. Bf1 a5 25. a3 Ra8 26. Nc3 axb4 27. axb4 e5 28.
fxe5 Re6 29. Ne2 Rxe5 30. Nd4 Rae8 31. Red1 Nf8 32. Bh3 Ba6 33. Ra1 Bb7 34. b5
cxb5 35. c6 Bc8 36. Bxc8 Rxc8 37. Nxb5+ Kd8 38. Rf1 Ne6 39. Nd6 1-0

[Event "BL 1213 Turm Emsdetten - SV Griesheim"]
[Site "?"]
[Date "2012.10.21"]
[Round "2.3"]
[White "Murdzia, Piotr"]
[Black "Ipatov, Alexander"]
[Result "0-1"]
[WhiteElo "2471"]
[BlackElo "2591"]
[PlyCount "94"]
[EventDate "2012.??.??"]

1. d4 Nf6 2. c4 e6 3. Nf3 b6 4. Nc3 Bb7 5. Bg5 Be7 6. e3 h6 7. Bh4 O-O 8. Bd3
c5 9. dxc5 bxc5 10. O-O d6 11. Rc1 Nbd7 12. Bb1 a6 13. Qd3 Qb6 14. b3 Rfd8 15.
Rfd1 Bc6 16. Qe2 Qb7 17. Bg3 Nf8 18. h3 N8h7 19. Rd2 Ng5 20. Nxg5 hxg5 21. f3
d5 22. cxd5 exd5 23. e4 d4 24. Na4 Nh5 25. Bh2 Bxa4 26. bxa4 c4 27. Qxc4 g4 28.
hxg4 Bg5 29. Qd3 Be3+ 30. Kh1 Nf4 31. Bxf4 Bxf4 32. e5 g6 33. Rcd1 Kg7 34. g3
Bxd2 35. Rxd2 Rac8 36. Kg2 Rc1 37. Bc2 Re1 38. Qb3 Qa7 39. Bd3 Rxe5 40. Be4 a5
41. Rb2 Qe7 42. Qd3 Rc5 43. Rb5 Rc3 44. Qd2 Qa3 45. Bxg6 Qc1 46. Qxc1 Rxc1 47.
Bd3 Rd1 0-1

[Event "BL 1213 Turm Emsdetten - SV Griesheim"]
[Site "?"]
[Date "2012.10.21"]
[Round "2.4"]
[White "Pruijssers, Roeland"]
[Black "Izsak, Gyula"]
[Result "1-0"]
[WhiteElo "2519"]
[BlackElo "2471"]
[PlyCount "113"]
[EventDate "2012.??.??"]

1. e4 c5 2. Nf3 e6 3. d4 cxd4 4. Nxd4 a6 5. c4 Nf6 6. Nc3 Qc7 7. a3 b6 8. Be3
Bb7 9. f3 d6 10. Be2 Be7 11. Rc1 O-O 12. O-O Nbd7 13. b4 Rac8 14. Kh1 Rfe8 15.
Qd2 Qb8 16. Rfd1 Ne5 17. Na4 Ba8 18. Bf1 Nfd7 19. Rc2 Bd8 20. Bg1 Bc7 21. Rb1
Bb7 22. c5 b5 23. c6 bxa4 24. cxd7 Nxd7 25. Nc6 Bxc6 26. Rxc6 Qb7 27. Rbc1 Nc5
28. Rxc7 Rxc7 29. bxc5 dxc5 30. Bc4 h6 31. h3 Qb6 32. Be3 Rec8 33. e5 Rc6 34.
Qc2 Rd8 35. Qxa4 Rcc8 36. Qc2 Qa5 37. Qc3 Qa4 38. Kh2 Rc7 39. Rb1 Rdc8 40. f4
Qc6 41. Qc2 Rd7 42. Rf1 g6 43. g4 Rd4 44. Bd3 Rd7 45. f5 Rcd8 46. fxg6 Qd5 47.
Bxh6 fxg6 48. Bxg6 Qxe5+ 49. Kh1 Qg3 50. Qg2 Qxa3 51. Qf3 Qxf3+ 52. Rxf3 c4 53.
Rc3 Rb7 54. Rxc4 Rb2 55. Bc2 a5 56. Rc7 a4 57. Bh7+ 1-0

[Event "BL 1213 Turm Emsdetten - SV Griesheim"]
[Site "?"]
[Date "2012.10.21"]
[Round "2.5"]
[White "Krysztofiak, Marcin"]
[Black "Hector, Jonny"]
[Result "1-0"]
[WhiteElo "2447"]
[BlackElo "2539"]
[PlyCount "84"]
[EventDate "2012.??.??"]

1. Nf3 d5 2. c4 c6 3. e3 Nf6 4. Nc3 e6 5. d4 Nbd7 6. Qc2 b6 7. Bd3 Bb7 8. O-O
Qc7 9. cxd5 exd5 10. e4 dxe4 11. Nxe4 Nxe4 12. Bxe4 Bd6 13. Re1 O-O-O 14. Bg5
f6 15. Bh4 Kb8 16. Rac1 Rc8 17. Re3 c5 18. Rc3 Bxe4 19. Qxe4 Qb7 20. Qe6 Bc7
21. Bg3 Bxg3 22. hxg3 Rhe8 23. Qg4 g5 24. Qf5 h5 25. dxc5 Rxc5 26. Rxc5 bxc5
27. Rd1 Re7 28. Qd3 Qc6 29. Nd2 Qe6 30. Nc4 Nb6 31. Qd8+ Nc8 32. Ne3 h4 33.
gxh4 gxh4 34. Qh8 Qxa2 35. Qxf6 Rc7 36. Qxh4 Qxb2 37. Qe4 Nb6 38. Nd5 Nxd5 39.
Rxd5 Qc1+ 40. Kh2 Qh6+ 41. Kg1 Qc1+ 42. Kh2 Qh6+ 1-0

[Event "BL 1213 Turm Emsdetten - SV Griesheim"]
[Site "?"]
[Date "2012.10.21"]
[Round "2.6"]
[White "Janssen, Ruud"]
[Black "Horvath, Peter"]
[Result "1/2-1/2"]
[WhiteElo "2483"]
[BlackElo "2434"]
[PlyCount "81"]
[EventDate "2012.??.??"]

1. c4 e6 2. Nc3 d5 3. d4 Bb4 4. cxd5 exd5 5. Nf3 Nf6 6. Bg5 Nbd7 7. e3 c5 8.
Bd3 c4 9. Bf5 Qa5 10. Qc2 O-O 11. O-O Re8 12. Nd2 g6 13. Bh3 Bxc3 14. bxc3 Ne4
15. Nxe4 dxe4 16. Bxd7 Bxd7 17. Bf4 Qd5 18. Be5 Qe6 19. a4 f6 20. Bg3 Qd5 21.
a5 Re6 22. Qb2 a6 23. Qb4 Bc6 24. Qc5 Rd8 25. Qxd5 Rxd5 26. Rfb1 Kf7 27. Rb4
Bb5 28. Kf1 g5 29. Ke2 Kg6 30. h4 h6 31. Rh1 Bc6 32. Bc7 Re7 33. Bb6 Re8 34.
Bc5 Rd7 35. Kd2 Bb5 36. Rbb1 g4 37. Rb4 Rc8 38. Kc2 Rd5 39. g3 Rf5 40. Rh2 Kf7
41. Bb6 1/2-1/2

[Event "BL 1213 Turm Emsdetten - SV Griesheim"]
[Site "?"]
[Date "2012.10.21"]
[Round "2.7"]
[White "Grabarczyk, Miroslaw"]
[Black "Burg, Twan"]
[Result "1/2-1/2"]
[WhiteElo "2450"]
[BlackElo "2502"]
[PlyCount "48"]
[EventDate "2012.??.??"]

1. d4 d5 2. c4 c6 3. Nf3 Nf6 4. e3 Bg4 5. Qb3 Qb6 6. cxd5 Bxf3 7. gxf3 cxd5 8.
Qxb6 axb6 9. Nc3 Kd8 10. e4 Nc6 11. Bg5 Nxd4 12. O-O-O Nxf3 13. Bxf6 gxf6 14.
Nxd5 Bh6+ 15. Kb1 Ra7 16. Bg2 Nh4 17. Nxf6+ Kc7 18. Nd5+ Kb8 19. Bh3 Nf3 20.
Nxe7 Nd2+ 21. Ka1 Nb3+ 22. Kb1 Nd2+ 23. Ka1 Nb3+ 24. Kb1 Nd2+ 1/2-1/2

[Event "BL 1213 Turm Emsdetten - SV Griesheim"]
[Site "?"]
[Date "2012.10.21"]
[Round "2.8"]
[White "Kuipers, Stefan"]
[Black "Walter, Stefan"]
[Result "1-0"]
[WhiteElo "2434"]
[BlackElo "2358"]
[PlyCount "111"]
[EventDate "2012.??.??"]

1. e4 e5 2. Nf3 Nc6 3. Bb5 a6 4. Bxc6 dxc6 5. O-O f6 6. d4 Bg4 7. dxe5 Qxd1 8.
Rxd1 fxe5 9. Nbd2 Rd8 10. Re1 Bd6 11. h3 Be6 12. Ng5 Bc8 13. Nc4 b5 14. Nxd6+
cxd6 15. f4 Nf6 16. fxe5 dxe5 17. Nf3 O-O 18. Nxe5 c5 19. Bg5 Rfe8 20. Nd3 Rd4
21. Bxf6 gxf6 22. Rad1 Red8 23. Nf2 Be6 24. b3 Rd2 25. Kf1 Kf7 26. Rxd2 Rxd2
27. Re2 Rd8 28. Nd3 Rc8 29. Nf4 c4 30. Rd2 cxb3 31. cxb3 Ke7 32. Ke2 Rc3 33.
Kd1 Bf7 34. Rc2 Re3 35. Re2 Rc3 36. Kd2 b4 37. Re3 Rc5 38. Kd3 Ra5 39. Re2 Kd6
40. Kd4 Rg5 41. Nd3 a5 42. Rf2 Ke7 43. Rc2 Rg3 44. Rc7+ Kf8 45. Ra7 Rxg2 46.
Rxa5 Rh2 47. Nxb4 Rxh3 48. Nd5 h5 49. Nxf6 h4 50. Nh7+ Kg7 51. Ng5 Rh2 52. Ra7
Kf6 53. Nxf7 h3 54. Ne5 Rd2+ 55. Kc3 Rg2 56. Kd4 1-0

[Event "BL 1213 Wiesbadener SV - SG Solingen"]
[Site "?"]
[Date "2012.11.10"]
[Round "3.1"]
[White "Ragger, Markus"]
[Black "Khenkin, Igor"]
[Result "1-0"]
[WhiteElo "2655"]
[BlackElo "2655"]
[PlyCount "71"]
[EventDate "2012.??.??"]

1. Nf3 d5 2. d4 c6 3. c4 e6 4. e3 Bd6 5. Bd3 f5 6. b3 Nf6 7. O-O Qe7 8. Bb2 O-O
9. Qc1 Ne4 10. Ba3 Bxa3 11. Qxa3 Qf6 12. Nbd2 Nd7 13. Qb2 b6 14. Rac1 Bb7 15.
b4 Rad8 16. Rc2 g5 17. c5 g4 18. Ne5 Nxe5 19. dxe5 Qg7 20. Qd4 bxc5 21. bxc5
Ng5 22. Rb2 Bc8 23. f4 gxf3 24. Nxf3 Ne4 25. Rd1 Qe7 26. Rc2 Qc7 27. Qb4 Bd7
28. Qe1 Be8 29. Bxe4 fxe4 30. Qg3+ Kh8 31. Nd4 Qe7 32. Rf2 Rg8 33. Qf4 Bh5 34.
Nxc6 Qf8 35. Nxd8 Qxf4 36. Rxf4 1-0

[Event "BL 1213 Wiesbadener SV - SG Solingen"]
[Site "?"]
[Date "2012.11.10"]
[Round "3.4"]
[White "Tazbir, Marcin"]
[Black "Smeets, Jan"]
[Result "1/2-1/2"]
[WhiteElo "2555"]
[BlackElo "2613"]
[PlyCount "67"]
[EventDate "2012.??.??"]

1. e4 e5 2. Nf3 Nf6 3. Nxe5 d6 4. Nf3 Nxe4 5. Nc3 Nxc3 6. dxc3 Be7 7. Bf4 Nc6
8. Qd2 Be6 9. O-O-O Qd7 10. Kb1 O-O-O 11. Ng5 Bxg5 12. Bxg5 f6 13. Be3 h5 14.
h4 Rde8 15. c4 Qf7 16. b3 Re7 17. c5 dxc5 18. Bb5 Nd4 19. Bxd4 cxd4 20. Qxd4
Kb8 21. Qb4 Bd7 22. Bc4 Qf8 23. Bd5 Bc8 24. Bf3 Re8 25. Qxf8 Rexf8 26. Rd5 g6
27. Be4 Rhg8 28. Kc1 b6 29. Rd4 Bb7 30. Bxb7 Kxb7 31. Rf4 f5 32. Rd4 Re8 33.
Kd2 Re6 34. Re1 1/2-1/2

[Event "BL 1213 Wiesbadener SV - SG Solingen"]
[Site "?"]
[Date "2012.11.10"]
[Round "3.5"]
[White "L'Ami, Erwin"]
[Black "Bulski, Krzysztof"]
[Result "1/2-1/2"]
[WhiteElo "2631"]
[BlackElo "2547"]
[PlyCount "60"]
[EventDate "2012.??.??"]

1. d4 Nf6 2. c4 g6 3. Nc3 d5 4. cxd5 Nxd5 5. Bd2 Nb6 6. Nf3 Bg7 7. Bf4 c5 8.
dxc5 Bxc3+ 9. bxc3 Qxd1+ 10. Rxd1 Na4 11. e4 Nxc5 12. Ne5 Be6 13. Be3 Nbd7 14.
Nxd7 Nxd7 15. a4 O-O 16. Bb5 Rfd8 17. f3 a6 18. Be2 Rac8 19. Kf2 Rxc3 20. Rd2
Rdc8 21. Rhd1 Nf8 22. a5 Rc1 23. Rb2 Rxd1 24. Bxd1 Rc7 25. Bb6 Rc1 26. Be2 Rc8
27. Be3 Rc7 28. Bf4 Rd7 29. Bh6 Rc7 30. Bf4 Rd7 1/2-1/2

[Event "BL 1213 Wiesbadener SV - SG Solingen"]
[Site "?"]
[Date "2012.11.10"]
[Round "3.7"]
[White "Lendermann, Aleksandr"]
[Black "Geske, Julian"]
[Result "1-0"]
[WhiteElo "2614"]
[BlackElo "2401"]
[PlyCount "75"]
[EventDate "2012.??.??"]

1. d4 d5 2. c4 c6 3. Nf3 dxc4 4. e3 b5 5. a4 e6 6. axb5 cxb5 7. b3 Bb4+ 8. Bd2
Bxd2+ 9. Nbxd2 a5 10. bxc4 b4 11. c5 Nf6 12. Bb5+ Bd7 13. Qa4 O-O 14. e4 Qc7
15. O-O Bxb5 16. Qxb5 Nc6 17. Rfe1 Rfd8 18. Nb3 Rdb8 19. Qa4 Rd8 20. g3 h6 21.
Kg2 Rd7 22. Qb5 Rdd8 23. Ra4 Rab8 24. Qe2 Qd7 25. Rea1 Qc7 26. h3 Rd7 27. Qe3
Rbd8 28. R4a2 Qb7 29. Nxa5 Nxa5 30. Rxa5 Qxe4 31. Qxe4 Nxe4 32. Rb5 Ng5 33. Ne5
Rd5 34. Rxb4 f6 35. Nc6 R8d7 36. Ra7 Nf7 37. Rbb7 Rxb7 38. Rxb7 1-0

[Event "BL 1213 Wiesbadener SV - SG Solingen"]
[Site "?"]
[Date "2012.11.10"]
[Round "3.8"]
[White "Minor, Samuel"]
[Black "Naumann, Alexander"]
[Result "1/2-1/2"]
[WhiteElo "2223"]
[BlackElo "2535"]
[PlyCount "90"]
[EventDate "2012.??.??"]

1. e4 e5 2. Nf3 Nc6 3. Bc4 Bc5 4. c3 Nf6 5. d3 O-O 6. O-O d6 7. Bb3 Ne7 8. Nh4
Bg4 9. Qe1 Qd7 10. Be3 Bb6 11. Nd2 Ng6 12. Nxg6 hxg6 13. Nc4 Rfe8 14. Nxb6 axb6
15. f3 Be6 16. Bxe6 Qxe6 17. c4 Nd7 18. a4 Nc5 19. Qd1 Qd7 20. b3 Ne6 21. d4
exd4 22. Bxd4 Nxd4 23. Qxd4 Ra5 24. Rfe1 Rae5 25. Re3 f5 26. Rae1 Qe7 27. g3 g5
28. Kf2 f4 29. R3e2 fxg3+ 30. hxg3 Rf8 31. Kg2 Rf6 32. Rh1 Qf7 33. Qd3 Rh6 34.
Ree1 Qg6 35. g4 Qf7 36. Rh3 Qf6 37. Reh1 Kf8 38. Rh5 Ke7 39. Qe3 Kd7 40. Qd2
Kc8 41. Qd4 Kd7 42. Kf2 Qf8 43. Kg2 Qf6 44. Kf2 Qf8 45. Kg2 Qf6 1/2-1/2

[Event "BL 1213 SV Griesheim - SV Wattenscheid"]
[Site "?"]
[Date "2012.11.10"]
[Round "3.1"]
[White "Bartel, Mateusz"]
[Black "Piorun, Kacper"]
[Result "1/2-1/2"]
[WhiteElo "2635"]
[BlackElo "2520"]
[PlyCount "63"]
[EventDate "2012.??.??"]

1. e4 e6 2. d4 d5 3. Nc3 Nf6 4. Bg5 dxe4 5. Nxe4 Be7 6. Bxf6 gxf6 7. c3 f5 8.
Ng3 c5 9. Bb5+ Bd7 10. Bxd7+ Qxd7 11. Nf3 Nc6 12. O-O cxd4 13. cxd4 O-O-O 14.
Qe2 h5 15. Rac1 Kb8 16. Rfd1 Qd5 17. Ne5 Nxe5 18. dxe5 Qxa2 19. Nxh5 Rxd1+ 20.
Rxd1 Ba3 21. Nf6 Qxb2 22. Qd3 Rc8 23. h4 Qc3 24. Qd7 Qc2 25. h5 Bc1 26. Qd6+
Ka8 27. Nd7 Qe2 28. h6 Be3 29. fxe3 Qxe3+ 30. Kf1 Qf4+ 31. Kg1 Qe3+ 32. Kf1
1/2-1/2

[Event "BL 1213 SV Griesheim - SV Wattenscheid"]
[Site "?"]
[Date "2012.11.10"]
[Round "3.2"]
[White "Farago, Ivan"]
[Black "Bogner, Sebastian"]
[Result "1-0"]
[WhiteElo "2488"]
[BlackElo "2558"]
[PlyCount "143"]
[EventDate "2012.??.??"]

1. d4 Nf6 2. c4 e6 3. Nf3 c5 4. d5 exd5 5. cxd5 d6 6. Nc3 g6 7. Nd2 a6 8. a4
Nbd7 9. e4 Bg7 10. Be2 O-O 11. O-O Re8 12. f4 Rb8 13. Kh1 Nb6 14. Bf3 Qc7 15.
a5 Nbd7 16. Nc4 b5 17. axb6 Nxb6 18. e5 dxe5 19. d6 Qd8 20. Nxe5 Bb7 21. Bxb7
Rxb7 22. Rxa6 Bf8 23. Qf3 Qc8 24. Rd1 Re6 25. Nb5 Nfd7 26. h3 Nxe5 27. fxe5 Nd7
28. Nc7 Rxe5 29. Bf4 Rf5 30. Nd5 Rb8 31. Ra7 Ne5 32. d7 Nxf3 33. dxc8=Q Rxc8
34. gxf3 g5 35. Be3 Rxf3 36. Kg2 Rf5 37. Ne7+ Bxe7 38. Rxe7 Rb8 39. Rd2 Rb3 40.
Rc2 h6 41. Re8+ Kh7 42. Bd2 Rd3 43. Re3 Rfd5 44. Rxd3 Rxd3 45. Bc1 f5 46. Rxc5
f4 47. Rc3 Rd4 48. b3 Kg6 49. Rc2 Kf5 50. Rc5+ Kg6 51. Rc6+ Kf5 52. Rc5+ Kg6
53. Rc4 Rd3 54. b4 Rg3+ 55. Kh2 Rb3 56. Bd2 Rb2 57. Rd4 Kf5 58. Kg2 Ke5 59. Rd8
Ke4 60. Kf2 Rb3 61. h4 Kf5 62. hxg5 hxg5 63. Rd5+ Kg4 64. b5 Rb2 65. Ke2 Kh4
66. Kd1 Ra2 67. Kc1 Ra7 68. b6 Rb7 69. Rb5 Kh3 70. Kd1 f3 71. Ke1 g4 72. Kf2
1-0

[Event "BL 1213 SV Griesheim - SV Wattenscheid"]
[Site "?"]
[Date "2012.11.10"]
[Round "3.3"]
[White "Rustemov, Alexander"]
[Black "Murdzia, Piotr"]
[Result "1/2-1/2"]
[WhiteElo "2544"]
[BlackElo "2471"]
[PlyCount "79"]
[EventDate "2012.??.??"]

1. d4 Nf6 2. Nf3 e6 3. c4 b6 4. a3 Bb7 5. Nc3 d5 6. Bg5 Be7 7. Bxf6 Bxf6 8.
cxd5 exd5 9. Qa4+ c6 10. g3 O-O 11. Rd1 Re8 12. Bg2 Qd6 13. O-O Nd7 14. Rfe1 c5
15. e3 a6 16. dxc5 bxc5 17. Ne4 Qb6 18. Nxf6+ Nxf6 19. b4 Bc6 20. Qc2 cxb4 21.
axb4 Bb5 22. Nd4 Bc4 23. Rb1 Rac8 24. Rec1 h6 25. Bh3 Rb8 26. Qa4 Qd6 27. Qc6
Qxc6 28. Nxc6 Rb6 29. Na5 Bd3 30. Rb3 Bb5 31. Rbc3 Kf8 32. Rc7 Reb8 33. Rc8+
Be8 34. Rxb8 Rxb8 35. Rb1 d4 36. Bf1 Nd5 37. Bxa6 Rxb4 38. Rxb4 Nxb4 39. Bc4
dxe3 40. fxe3 1/2-1/2